Neuralgické body managementu

Salvato in:
Dettagli Bibliografici
Autore principale: Huňát, Alexander
Natura: Libro
Lingua:ceco
Pubblicazione: Praha Alfa Nakladatelství 2010
Soggetti:
Tags: Aggiungi Tag
Nessun Tag, puoi essere il primo ad aggiungerne!!

MARC

LEADER 00000nam a2200000 4500
001 0143376
005 20240313090150.2
020 |a 978-80-87197-16-5 
041 0 |a cze 
044 |a CZ 
245 1 0 |a Neuralgické body managementu  |c Alexander Huňát 
264 1 |a Praha  |b Alfa Nakladatelství  |c 2010 
300 |a 210 s. 
610 2 0 |a manažment 
610 2 0 |a riadenie 
610 2 0 |a manažéri 
610 2 0 |a kompetencie 
610 2 0 |a riadenie podnikové 
610 2 0 |a kultúra podniková 
100 1 |a Huňát, Alexander